New Zealand National Anthem - Statistics

General Stats
  • This quiz has been taken 144 times
  • The average score is 8 of 8
Answer Stats
Answer % Correct
God defend our free {land}
98%
God defend New {Zealand}
97%
God of {nations} at thy feet
97%
Guard Pacific's triple {star}
96%
In the bonds of love we {meet}
96%
From the shafts of strife {and} war
95%
Hear our {voices} we entreat
95%
Make her praises {heard} afar
93%
No matching quizzes found
Score Distribution
Percent of People with Each Score
Percentile by Number Answered
Your Score History
You have not taken this quiz